| 000 | 02439nam a22003377a 4500 | ||
|---|---|---|---|
| 005 | 2010101908158.0 | ||
| 008 | 101019t xxu||||| |||| 00| 0 hin d | ||
| 010 | _aHIN-94303 B-477788-790 | ||
| 020 |
_c250.00 _a97881910721 |
||
| 035 | _aHN-66649 B-477788-790 | ||
| 037 | _bDBAD / PUB | ||
| 040 |
_aDPL _bHN |
||
| 082 | _a920 | ||
| 100 |
_923632 _aशर्मा,पवित्र कुमार |
||
| 245 |
_aक्रान्तिदूत बिरसा मुण्डा / _cपवित्र कुमार शर्मा _bझारखण्ड के क्रान्तिदूत की जीवन गाथा |
||
| 260 |
_aनई दिल्ली _c2011 _bधनलक्ष्मी पब्लिकेशन |
||
| 270 |
_bनई दिल्ली _a1075/-2, न.-1,प्रथम तल ओल्ड पोस्ट ऑफिस बिल्डिंग, महरोली _e110030 |
||
| 300 | 1 |
_a151पृ _c22सेमी (सजिल्द) |
|
| 490 |
_aझारखण्ड के क्रान्तिदूत की जीवन गाथा _950072 |
||
| 650 | _9657 | ||
| 650 | _934273 | ||
| 700 | _934278 | ||
| 710 | _934811 | ||
| 710 | _935049 | ||
| 942 |
_2ddc _cHN _mशर्माप _h920 |
||
| 999 |
_c57721 _d57721 |
||